Pairs Plus Colorcards - Association de sens (Record no. 147)

MARC details
000 -LEADER
Leader 00801npm a2200157 4500
003 - IDENTIFIANT DE NUMÉRO DE CONTRÔLE
champ de contrôle OSt
005 - DATE ET HEURE DE LA DERNIÈRE TRANSACTION
champ de contrôle 20250405161440.0
008 - Éléments de longueur fixe - Renseignements généraux
Leader 250311b |||||||| |||| 00| 0 fre d
040 ## - SOURCE DE CATALOGAGE
Agence transcriptrice autismepaimpol.fr
100 ## - Auteur - Autrice
Auteur Speechmark
245 ## - Titre
Titre Pairs Plus Colorcards - Association de sens
246 ## - Pour qui ? Pour quoi ?
Pour quoi ? Pour qui ? Outil pédagogique extrêmement adaptable conçu pour aider à développer à la fois les compétences linguistiques et sociales.
942 ## - Type d'objet
Type d'objet Matériel pédagogique
520 ## - Abrégé
Abrégé Les cartes montrent 12 scènes avec 2 éléments spécifiques à identifier et à discuter. 3 cartes pour chaque scène traitant les thèmes suivant : sur la plage, football, se promener avec le chien, dans la piscine, un œuf cuit dur pour le petit déjeuner, visite de cinéma et train de voyage.<br/><br/>
562 ## - NOTE D'IDENTIFICATION DE L'EXEMPLAIRE ET DE LA VERSION
Format de présentation Contenu: 36 cartes format A5
999 ## -
-- 147
-- 147
Holdings
Statut retiré des collections Statut perdu Source de classification / plan de classement Statut endommagé Exclu du prêt Site de rattachement Site actuel Date d'acquisition Total des prêts Code à barres Vu en dernier Prix effectif de Type de document Koha
    Classification décimale de Dewey     Autisme Paimpol - Matériel Autisme Paimpol - Matériel 11/03/2025   84 11/03/2025 11/03/2025 Matériel pédagogique

Powered by Koha